000 00354pab a2200157 454500
008 180718b2013 xxu||||| |||| 00| 0 eng d
100 _aTiwari, K.N.
245 _aRural education - the way forward
260 _c2013
300 _ap.3-10.
362 _aSep
650 _aRural education
773 _aKurukshetra
908 _aN
909 _a101654
999 _c101652
_d101652